| 000 | 00593nam a2200193Ia 4500 | ||
|---|---|---|---|
| 005 | 20250508160602.0 | ||
| 008 | 008 250505s9999 xx 000 0 eng d | ||
| 037 | _aTextual | ||
| 040 |
_aFEDL _beng _cFEDL |
||
| 041 |
_aeng _2eng |
||
| 084 |
_a150.1943, GEL _qFEDL |
||
| 100 |
_aGelfand Donna M Ed. _9768847 |
||
| 245 | 0 | _aSocial learning in childhood: Readings in theory and application | |
| 260 |
_aCalifornia, USA _bBrooks/ Cole Publishing Company _c1969 |
||
| 300 | _axi,415p. | ||
| 650 | _aPsychology | ||
| 942 |
_cTEXL _h150.1943, GEL |
||
| 999 |
_c1365469 _d1365469 |
||